| 000 | 00645nam a2200181Ia 4500 | ||
|---|---|---|---|
| 008 | 090201s9999 xx 000 0 und d | ||
| 010 | _aKPL-73477 | ||
| 040 | _bमराठी | ||
| 041 | _aमराठी | ||
| 082 |
_a53961 _b73477 |
||
| 100 | _a हि.गो.उर्फ भाऊ लोखंडे | ||
| 245 |
_aडॉ. आंबंडकरी प्रतिज्ञा _c हि.गो.उर्फ भाऊ लोखंडे |
||
| 250 | _a1 | ||
| 260 |
_c2005 _bराज प्रकाशन |
||
| 300 |
_a79 _bमध्यम |
||
| 600 | _aडॉ. आंबंडकरी प्रतिज्ञा | ||
| 942 | _cBOOK | ||
| 999 |
_c250372 _d250372 |
||